| 000 | 00364cam a22001217a 4500 | ||
|---|---|---|---|
| 008 | 180718b xxu||||| |||| 00| 0 eng d | ||
| 082 | _aT3034x54 In2i | ||
| 100 | _aIndian Investement Centre | ||
| 245 |
_aIndustrial licensing policy _cby Indian Investment Centre |
||
| 260 |
_aDelhi _bIndian Investment Centre _c |
||
| 300 | _a128p. | ||
| 650 | _aLicenses Business - india | ||
| 999 |
_c346832 _d346832 |
||